000 00807nam a22002177a 4500
008 160123b xxu||||| |||| 00| 0 eng d
020 _a978-1259-07157-7
082 _22013
_aDC 150.287
_bC66
100 _92076
_aCohen, Ronald Jay.
245 _aPsychological testing and assessment :
_ban introduction to tests and measurement/
_cRonald Jay Cohen [ and two others].
250 _aEight edition
260 _aBoston :
_bMcGraw-Hill Higher Education,
_cc2013.
300 _axxv, 612 pages:
_billustrations;
_c25 cm.
500 _aIncludes bibliographical references and index.
650 0 _92077
_aPsychological tests
_vTextbooks.
650 0 _92078
_aPsychometrics
_vTextbooks.
700 _94556
_aSwerdlik, Mark E.
700 _94557
_aSturman, Edward
365 _b1,198.00
_cPhp
942 _2ddc
_cDC
999 _c774
_d774